=LDR 00000nam 2200000 4500 =001 NUTBA000000000003903 =005 20140828154151.0 =006 =007 =008 =020 ##$$a 978-602-7953-69-1 =035 ##$$a 0010-081400000000748 =040 ##$$a NBPDMAT =090 ##$$a 618.2 $b Rin p =100 ##$$a Ringgi Suryani =245 ##$$a Prinsip -prinsip dasar praktik kebidanan / $c Ringgi Suryani, Rosmauli Tiurna =260 ##$$a Jakarta : $b Dunia Cerdas, $c 2014 =300 ##$$a vi, 181 hlm. ; 21 cm. =500 ##$$a Bibliografi : hlm. 177 =650 ##$$a Kebidanan, Ilmu =700 ##$$a Rosmauli Tiurna =850 ##$$a NBPDMAT =990 ##$$a 21408667 =990 ##$$a 33883388 =990 ##$$a 1202401521 =990 ##$$a 21408667 =990 ##$$a 21408668 =990 ##$$a 21408669 =990 ##$$a 21408670 =990 ##$$a 21408671